| 000 | 00896nam a2200217 a 4500 | ||
|---|---|---|---|
| 001 | 000042551 | ||
| 005 | 20201002040229.0 | ||
| 008 | 140127s1996 sp 000 0 spa d | ||
| 020 | _a8420628484 | ||
| 040 |
_aDO-SdBNP _bspa _cBNPHU |
||
| 041 | 1 | 7 |
_aspa _heng |
| 082 |
_axxx _bS129a |
||
| 100 | 1 |
_aSagdeev, R. Z. _969795 |
|
| 240 | 1 | 0 |
_aThe making of a soviet scientist. My adventures in nuclear fusión and space from Stalin to Star wars. _lEspañol |
| 245 | 1 | 0 |
_aAventuras y desventuras de un científico soviético : _bdesde Stalin a la guerra de las galaxias / _cRoald Z. Sagdeev ; versión española de Eva Rodríguez Halfter ; edición a cargo de Susan Eisenhower ; prólogo: Carl Sagan. |
| 260 |
_aMadrid : _bAlianza, _c1996. |
||
| 300 |
_a400 p. ; _c20 cm. |
||
| 490 | 1 |
_aAlianza Universidad _v848 |
|
| 700 | 1 | 2 |
_aRodríguez Halfter, Eva _969796 |
| 830 | 0 |
_aAlianza Universidad _n848 _969797 |
|
| 999 |
_c42040 _d42040 |
||